[Event "Augsburg op-B (Women)"]
[Site "Augsburg"]
[Date "2025.03.07"]
[Round "3"]
[White "Suryaprakash, Smrithi"]
[Black "Lukas, Olivia"]
[Result "0-1"]
[WhiteElo "1697"]
[BlackElo "1438"]
[PlyCount "116"]
[EventDate "2025.03.05"]
[EventType "swiss"]
[EventRounds "7"]
[EventCountry "GER"]
[SourceTitle "CB11_2025"]
[SourceDate "2025.03.12"]
[SourceVersion "1"]
[SourceVersionDate "2025.03.12"]
[SourceQuality "1"]

1. e4 e5 2. Nf3 Nc6 3. Bb5 Nge7 4. 0-0 g6 5. c3 a6 6. Ba4 Bg7 7. d4 exd4 8. cxd4 b5 9. Bb3 0-0 10. Be3 d6 11. Nc3 Bg4 12. Qd2 Bxf3 13. gxf3 Qd7 14. Ne2 Qh3 15. f4 Kh8 16. Ng3 h5 17. d5 Nd8 18. Bd4 h4 19. Bxg7+ Kxg7 20. Qc3+ Kg8 21. Ne2 Qg4+ 22. Kh1 Qxe2 23. f3 h3 24. Rg1 b4 25. Rae1 Qg2+ 26. Rxg2 hxg2+ 27. Kxg2 bxc3 28. bxc3 c6 29. dxc6 Ndxc6 30. Rg1 Na5 31. Bc2 f5 32. exf5 Nxf5 33. Kf2 Kg7 34. Rg5 Rac8 35. h4 Nxh4 36. Rxa5 Rxc3 37. Be4 Nxf3 38. Rxa6 Rxf4 39. Bb7 Ne5+ 40. Ke2 Rd4 41. Ra7 Rc2+ 42. Ke3 Rd3+ 43. Kf4 Rc4+ 44. Be4+ Kf6 45. Ra3 Rdd4 46. Re3 g5+ 47. Kg3 Rxe4 48. Rb3 Rg4+ 49. Kh3 Rc1 50. Rf3+ Kg6 51. Rf2 Rh1+ 52. Rh2 Rh4+ 53. Kg3 R4xh2 54. a4 Rh3+ 55. Kf2 R1h2+ 56. Kf1 Ra3 57. Kg1 Rb2 58. a5 Ra1# 0-1

[Event "BL 2425 (Women)"]
[Site "Germany"]
[Date "2025.02.15"]
[Round "5.6"]
[White "Lukas, Olivia"]
[Black "Savina, Anastasia"]
[Result "0-1"]
[WhiteElo "1444"]
[BlackElo "2324"]
[PlyCount "50"]
[EventDate "2024.11.16"]
[EventType "team-tourn"]
[EventRounds "11"]
[EventCountry "GER"]
[SourceTitle "CB14_2025"]
[SourceDate "2024.11.01"]
[SourceVersion "1"]
[SourceVersionDate "2024.11.01"]
[SourceQuality "1"]
[WhiteTeam "Deizisau (W)"]
[BlackTeam "Bad Koenigshofen (W)"]
[WhiteTeamCountry "GER"]
[BlackTeamCountry "GER"]

1. e4 c5 2. c3 Nf6 3. e5 Nd5 4. Nf3 Nc6 5. Bc4 Nb6 6. Bb3 c4 7. Bc2 d6 8. exd6 Qxd6 9. 0-0 g6 10. Re1 Bg7 11. b3 0-0 12. Ba3 Qc7 13. Be4 Re8 14. Qc2 Bd7 15. h4 Rad8 16. h5 f5 17. hxg6 hxg6 18. Bxc6 Bxc6 19. Ng5 Qf4 20. Ne6 Qg4 21. f3 Bxf3 22. d4 cxd3 23. Qf2 Bxg2 24. Nxd8 Be4+ 25. Kf1 Qh3+ 0-1

[Event "GEO World Cup-A U10"]
[Site "Batumi"]
[Date "2024.06.23"]
[Round "1"]
[White "Milner, Romi"]
[Black "Lukas, Olivia"]
[Result "1-0"]
[WhiteElo "1866"]
[BlackElo "1540"]
[PlyCount "85"]
[EventDate "2024.06.23"]
[EventType "swiss"]
[EventRounds "7"]
[EventCountry "GEO"]
[SourceTitle "EXT 2025"]
[Source "ChessBase"]
[SourceDate "2024.10.14"]
[SourceVersion "1"]
[SourceVersionDate "2024.10.14"]
[SourceQuality "1"]

1. d4 d5 2. Nf3 Nf6 3. Bf4 e6 4. e3 Bd6 5. Bg3 0-0 6. Bd3 c5 7. c3 Qc7 8. dxc5 Qxc5 9. Nbd2 Qc7 10. e4 dxe4 11. Nxe4 Nxe4 12. Bxe4 Rd8 13. Qc2 f5 14. Bd3 Nc6 15. Rd1 Ne7 16. Nd4 a6 17. Qe2 Qd7 18. Nxe6 Bxg3 19. Nxd8 Bd6 20. Bc4+ Kf8 21. Qd2 Qxd8 22. Qxd6 Qxd6 23. Rxd6 Nc6 24. 0-0 Ke7 25. Rd2 b5 26. Bd5 Bb7 27. Re1+ Kf8 28. Bxc6 Bxc6 29. Re6 Be8 30. Rdd6 Bf7 31. Re5 g6 32. Rd7 Bxa2 33. Rxh7 Rd8 34. h3 Bf7 35. Kh2 Kg8 36. Rh4 Rd2 37. f3 Rxb2 38. Rd4 a5 39. Rd8+ Kg7 40. Rb8 Bc4 41. Re7+ Kf6 42. Ra7 Ra2 43. f4 1-0

[Event "GER-ch U10 Girls"]
[Site "Willingen"]
[Date "2024.05.21"]
[Round "5"]
[White "Tadic, Lena"]
[Black "Lukas, Olivia"]
[Result "0-1"]
[WhiteElo "980"]
[BlackElo "1570"]
[PlyCount "102"]
[EventDate "2024.05.19"]
[EventType "swiss"]
[EventRounds "11"]
[EventCountry "GER"]
[SourceTitle "CBM 220 Extra"]
[Source "ChessBase"]
[SourceDate "2024.07.31"]
[SourceVersion "1"]
[SourceVersionDate "2024.07.31"]
[SourceQuality "1"]

1. e4 e5 2. Nf3 Nc6 3. Nc3 Bc5 4. Nxe5 Nxe5 5. d4 Bd6 6. dxe5 Bxe5 7. Bd2 d6 8. Bc4 Nf6 9. Qe2 a6 10. 0-0-0 b5 11. Bb3 c5 12. f4 Bg4 13. Qd3 c4 14. Qg3 Bxf4 15. Bxf4 Bxd1 16. Rxd1 Nh5 17. Qf3 Nxf4 18. Qxf4 Qf6 19. Qg3 0-0-0 20. Nd5 Qe5 21. Qxe5 dxe5 22. Ne7+ Kb7 23. a3 Rxd1+ 24. Kxd1 cxb3 25. cxb3 g6 26. Ke2 Re8 27. Nd5 Rc8 28. Kd2 f5 29. Nf6 fxe4 30. Nxe4 Kc6 31. Nf6 Kc5 32. Nd7+ Kd4 33. Nb6 Rd8 34. Ke2 Kc5 35. a4 Kxb6 36. axb5 axb5 37. Ke3 Rd4 38. g3 Ka5 39. h4 Kb4 40. Kf3 Kxb3 41. g4 Kxb2 42. h5 gxh5 43. gxh5 b4 44. Ke3 b3 45. Ke2 Kc3 46. Ke3 b2 47. Kf3 b1Q 48. Ke3 Re4+ 49. Kf2 Qd3 50. h6 Re2+ 51. Kf1 Qd1# 0-1

[Event "GER-ch U10 Girls"]
[Site "Willingen"]
[Date "2024.05.20"]
[Round "4"]
[White "Lukas, Olivia"]
[Black "Tu, Tiffany"]
[Result "0-1"]
[WhiteElo "1570"]
[BlackElo "1611"]
[PlyCount "64"]
[EventDate "2024.05.19"]
[EventType "swiss"]
[EventRounds "11"]
[EventCountry "GER"]
[SourceTitle "CBM 220 Extra"]
[Source "ChessBase"]
[SourceDate "2024.07.31"]
[SourceVersion "1"]
[SourceVersionDate "2024.07.31"]
[SourceQuality "1"]

1. e4 e5 2. Nf3 Nc6 3. Bc4 Nf6 4. d3 Bc5 5. c3 d6 6. 0-0 h6 7. Re1 g5 8. Be3 Bb6 9. a4 g4 10. Nfd2 h5 11. Qb3 Qe7 12. Qc2 h4 13. b4 g3 14. h3 gxf2+ 15. Bxf2 Rg8 16. Bxb6 axb6 17. Nf3 Bxh3 18. Re2 Nh5 19. Kh2 Bg4 20. Nbd2 Nf4 21. Rf2 Qf6 22. Raf1 Bh5 23. Bb3 Qg7 24. Nc4 Qg3+ 25. Kh1 h3 26. gxh3 Qxh3+ 27. Nh2 0-0-0 28. b5 Ne7 29. Nb2 Rg3 30. Bc4 Rdg8 31. Qd2 Rg2 32. Qc2 Qxh2# 0-1

[Event "GER-ch U10 Girls"]
[Site "Willingen"]
[Date "2024.05.19"]
[Round "2"]
[White "Lukas, Olivia"]
[Black "Hendler, Felicitas"]
[Result "1/2-1/2"]
[WhiteElo "1570"]
[BlackElo "1645"]
[PlyCount "95"]
[EventDate "2024.05.19"]
[EventType "swiss"]
[EventRounds "11"]
[EventCountry "GER"]
[SourceTitle "CBM 220 Extra"]
[Source "ChessBase"]
[SourceDate "2024.07.31"]
[SourceVersion "1"]
[SourceVersionDate "2024.07.31"]
[SourceQuality "1"]

1. e4 c5 2. c3 Nf6 3. e5 Nd5 4. Nf3 Nc6 5. d4 cxd4 6. cxd4 d6 7. Bc4 Nb6 8. Bb3 dxe5 9. dxe5 Qxd1+ 10. Kxd1 Bg4 11. Bf4 Nd4 12. h3 Nxb3 13. axb3 Bxf3+ 14. gxf3 e6 15. Nc3 Rd8+ 16. Ke2 Bc5 17. Bg5 Rd7 18. Rxa7 0-0 19. Raa1 h6 20. Bf4 Rfd8 21. Ne4 Bd4 22. Rab1 Nd5 23. Bg3 f6 24. exf6 Nxf6 25. Rhd1 Nxe4 26. fxe4 Bb6 27. Bh4 Rxd1 28. Rxd1 Rxd1 29. Kxd1 Bd4 30. Kc2 g5 31. Bg3 e5 32. b4 h5 33. f3 Kf7 34. b5 b6 35. b3 Ke6 36. Kd3 Kd6 37. Kc4 Ke6 38. h4 gxh4 39. Bxh4 Bc5 40. Bg5 Bf2 41. f4 exf4 42. Bxf4 h4 43. Kd3 h3 44. Bh2 Bc5 45. e5 Bf8 46. Kd4 Bc5+ 47. Kc4 Bf8 48. Kd4 1/2-1/2

[Event "GER-ch (Women) op-B"]
[Site "Augsburg"]
[Date "2024.03.06"]
[Round "1"]
[White "Lukas, Olivia"]
[Black "Wagner, Cosima Thien An"]
[Result "0-1"]
[WhiteElo "1539"]
[BlackElo "1761"]
[PlyCount "42"]
[EventDate "2024.03.06"]
[EventType "swiss"]
[EventRounds "7"]
[EventCountry "GER"]
[SourceTitle "EXT 2025"]
[Source "ChessBase"]
[SourceDate "2024.10.14"]
[SourceVersion "1"]
[SourceVersionDate "2024.10.14"]
[SourceQuality "1"]

1. e4 c5 2. c3 g6 3. d4 cxd4 4. cxd4 d5 5. Nc3 dxe4 6. Nxe4 Bg7 7. Nf3 Nd7 8. Be3 Ngf6 9. Nxf6+ Nxf6 10. Qd2 0-0 11. Bh6 Ne4 12. Qf4 Qa5+ 13. Nd2 Nxd2 14. Bxg7 Nb3+ 15. Kd1 Kxg7 16. Bc4 Nxa1 17. Re1 Qf5 18. Qxf5 Bxf5 19. Rxe7 Rad8 20. d5 b5 21. Be2 Rxd5+ 0-1

[Event "Heusenstamm Sparkassen op U14 9th"]
[Site "Heusenstamm"]
[Date "2023.11.26"]
[Round "6"]
[White "Lukas, Olivia"]
[Black "Wolf, Noah"]
[Result "0-1"]
[WhiteElo "1240"]
[BlackElo "1567"]
[PlyCount "72"]
[EventDate "2023.11.24"]
[EventType "swiss"]
[EventRounds "7"]
[EventCountry "GER"]
[SourceTitle "EXT 2025"]
[Source "ChessBase"]
[SourceDate "2024.10.14"]
[SourceVersion "1"]
[SourceVersionDate "2024.10.14"]
[SourceQuality "1"]

1. e4 c5 2. c3 e5 3. Nf3 Nc6 4. Bc4 g6 5. d3 Nge7 6. Bg5 Bg7 7. 0-0 0-0 8. d4 cxd4 9. cxd4 exd4 10. Re1 d6 11. h3 Be6 12. Bd5 Qb6 13. Qb3 Nxd5 14. exd5 Qxb3 15. axb3 Bxd5 16. Nbd2 h6 17. Bf4 Rfd8 18. Ra4 Rac8 19. b4 a6 20. Kf1 Rd7 21. Bh2 Na7 22. Ke2 Rc2 23. Kd3 Rxb2 24. Re8+ Kh7 25. Ne4 Bxe4+ 26. Rxe4 Rxf2 27. Re2 Rxe2 28. Kxe2 Nb5 29. Kd3 Rc7 30. Ra1 f5 31. Bf4 Rc3+ 32. Kd2 Rb3 33. Ra4 Nc3 34. Ra1 Rxb4 35. Bxd6 Ne4+ 36. Kd3 Nxd6 0-1

[Event "BL 2324 (Women)"]
[Site "Germany"]
[Date "2023.10.15"]
[Round "2.6"]
[White "Lukas, Olivia"]
[Black "Kubikova, Hana"]
[Result "0-1"]
[WhiteElo "1240"]
[BlackElo "2071"]
[PlyCount "76"]
[EventDate "2023.10.14"]
[EventType "team-tourn"]
[EventRounds "11"]
[EventCountry "GER"]
[SourceTitle "CBM 217 Extra"]
[Source "ChessBase"]
[SourceDate "2024.01.31"]
[SourceVersion "1"]
[SourceVersionDate "2024.01.31"]
[SourceQuality "1"]
[WhiteTeam "Deizisau (W)"]
[BlackTeam "Rodewisch (W)"]
[WhiteTeamCountry "GER"]
[BlackTeamCountry "GER"]

1. e4 c5 2. c3 Nf6 3. e5 Nd5 4. d4 cxd4 5. cxd4 e6 6. Bc4 d6 7. Nf3 Nc6 8. a3 Be7 9. 0-0 0-0 10. Bb3 Qc7 11. Re1 Rd8 12. Qc2 Na5 13. Qxc7 Nxc7 14. Ba2 dxe5 15. dxe5 b6 16. Bf4 Nd5 17. Bg3 Ba6 18. Nd4 Nf4 19. Bxf4 Rxd4 20. Be3 Rd3 21. Nc3 Bc4 22. Bb1 Rd7 23. Be4 Rad8 24. Rad1 Rxd1 25. Rxd1 Rxd1+ 26. Nxd1 Bb3 27. Nc3 Nc4 28. Bd4 Nxb2 29. Nb5 Nc4 30. Nxa7 Bxa3 31. Nb5 Bc5 32. Bxc5 bxc5 33. f4 Nb6 34. Kf1 Bc4+ 35. Ke1 Bxb5 36. f5 exf5 37. Bxf5 Bd7 38. g4 g6 0-1

[Event "EU Union-ch U10"]
[Site "Kouty nad Desnou"]
[Date "2023.08.22"]
[Round "7"]
[White "Lukas, Olivia"]
[Black "Alejunaite, Milda"]
[Result "0-1"]
[WhiteElo "1288"]
[BlackElo "1143"]
[PlyCount "126"]
[EventDate "2023.08.16"]
[EventType "swiss"]
[EventRounds "9"]
[EventCountry "CZE"]
[SourceTitle "EXT 2024"]
[Source "ChessBase"]
[SourceDate "2023.10.10"]
[SourceVersion "1"]
[SourceVersionDate "2023.10.10"]
[SourceQuality "1"]

1. e4 e5 2. Nf3 Nc6 3. Bc4 Be7 4. 0-0 Nf6 5. Nc3 0-0 6. d4 d6 7. d5 Na5 8. Bd3 b6 9. Be3 Bg4 10. h3 Bh5 11. Ba6 Rb8 12. Re1 Qd7 13. a4 h6 14. Bc1 c6 15. b4 Nb7 16. dxc6 Qxc6 17. Bb2 Rfd8 18. Bb5 Qc7 19. Rc1 a5 20. bxa5 Nxa5 21. Re3 Nc4 22. Bxc4 Qxc4 23. Qe1 Bg6 24. Nd2 Qc6 25. Nb3 Nd7 26. Nd5 Bg5 27. Qb4 Nc5 28. Nd2 Qxa4 29. Re2 Qxb4 30. Nxb4 Bxd2 31. Rxd2 Nxe4 32. Rd5 Rd7 33. Rcd1 f6 34. f3 Nc5 35. Rxd6 Rbd8 36. Rxd7 Rxd7 37. Rc1 Na4 38. Ba3 Nc3 39. Kf2 Rd1 40. Rxd1 Nxd1+ 41. Ke2 Nc3+ 42. Ke3 Nb5 43. Bb2 Nd6 44. c3 Nc4+ 45. Ke2 Nxb2 46. Nd5 Na4 47. Kd2 Kf7 48. Nb4 Ke6 49. Nd3 Bxd3 50. Kxd3 Kd5 51. c4+ Kc5 52. h4 Nb2+ 53. Kc3 Nxc4 54. g3 b5 55. g4 b4+ 56. Kb3 Nd2+ 57. Kc2 Nxf3 58. h5 Kc4 59. Kb2 b3 60. Kb1 Kc3 61. Kc1 b2+ 62. Kb1 Kb3 63. g5 Nd2# 0-1

[Event "EU Union-ch U10"]
[Site "Kouty nad Desnou"]
[Date "2023.08.18"]
[Round "3"]
[White "Lukas, Olivia"]
[Black "Zvolanek, Vojtech"]
[Result "1-0"]
[WhiteElo "1288"]
[BlackElo "1125"]
[PlyCount "73"]
[EventDate "2023.08.16"]
[EventType "swiss"]
[EventRounds "9"]
[EventCountry "CZE"]
[SourceTitle "EXT 2024"]
[Source "ChessBase"]
[SourceDate "2023.10.10"]
[SourceVersion "1"]
[SourceVersionDate "2023.10.10"]
[SourceQuality "1"]

1. e4 e5 2. Nf3 Nc6 3. Bc4 Bc5 4. c3 Nf6 5. d4 exd4 6. cxd4 Bb4+ 7. Bd2 Bxd2+ 8. Nbxd2 d5 9. exd5 Nxd5 10. Qb3 Be6 11. Qxb7 Nce7 12. Bb5+ Bd7 13. Bxd7+ Kxd7 14. Ne5+ Ke8 15. Nc6 Qc8 16. Qxc8+ Nxc8 17. 0-0 Kf8 18. Rfe1 g6 19. Re2 Nce7 20. Nxe7 Nxe7 21. Rae1 Re8 22. Nb3 Rg8 23. Nc5 f6 24. Ne6+ Kf7 25. Nxc7 Rc8 26. Rxe7+ Kf8 27. Re8+ Kg7 28. Rxg8+ Rxg8 29. Re8 Rxe8 30. Nxe8+ Kf7 31. Nd6+ Ke6 32. Nb5 Kd5 33. Nxa7 Kxd4 34. a4 Kc4 35. Nb5 Kb4 36. b3 Ka5 37. Kf1 1-0

[Event "GER-ch U10 Girls"]
[Site "Willingen"]
[Date "2023.05.31"]
[Round "7"]
[White "Noennig, Lotte"]
[Black "Lukas, Olivia"]
[Result "1-0"]
[WhiteElo "1341"]
[BlackElo "1288"]
[PlyCount "145"]
[EventDate "2023.05.27"]
[EventType "swiss"]
[EventRounds "11"]
[EventCountry "GER"]
[SourceTitle "CBM 214 Extra"]
[Source "ChessBase"]
[SourceDate "2023.07.31"]
[SourceVersion "1"]
[SourceVersionDate "2023.07.31"]
[SourceQuality "1"]

1. e4 e5 2. Nf3 Nc6 3. Bc4 Bc5 4. c3 Nf6 5. d4 exd4 6. cxd4 Bb4+ 7. Bd2 Nxe4 8. Bxb4 Nxb4 9. Bxf7+ Kxf7 10. Qb3+ Kf8 11. Qxb4+ Qe7 12. Qxe7+ Kxe7 13. 0-0 Re8 14. Re1 Kf8 15. Nc3 Nxc3 16. bxc3 d6 17. Rxe8+ Kxe8 18. Re1+ Kf8 19. h3 Bd7 20. Kh2 Re8 21. Rxe8+ Kxe8 22. Kg3 Kf7 23. Kf4 Kf6 24. Ng5 h6 25. Ne4+ Ke6 26. c4 b5 27. d5+ Kf7 28. cxb5 g5+ 29. Kg3 Bxb5 30. h4 Kg6 31. hxg5 hxg5 32. Kg4 Bd7+ 33. Kf3 g4+ 34. Kf4 a5 35. f3 gxf3 36. gxf3 Bb5 37. Kg4 Bc4 38. Nc3 a4 39. a3 Kf6 40. Kf4 Kg6 41. Ke4 Bf1 42. Nxa4 Kf6 43. Nc3 Ba6 44. a4 Bb7 45. f4 c6 46. a5 cxd5+ 47. Nxd5+ Ke6 48. f5+ Kf7 49. Kd4 Kf8 50. Nc7 Kf7 51. a6 Bxa6 52. Nxa6 Kf6 53. Ke4 d5+ 54. Kf4 d4 55. Nb4 d3 56. Nxd3 Kf7 57. Ke5 Ke7 58. f6+ Kf7 59. Kf5 Kf8 60. Ke6 Ke8 61. f7+ Kf8 62. Nb4 Kg7 63. Ke7 Kg6 64. f8Q Kg5 65. Qf6+ Kg4 66. Ke6 Kg3 67. Ke5 Kg4 68. Qf5+ Kg3 69. Qf4+ Kg2 70. Ke4 Kg1 71. Qd2 Kf1 72. Kf3 Kg1 73. Qg2# 1-0

[Event "GER-ch U10 Girls"]
[Site "Willingen"]
[Date "2023.05.29"]
[Round "4"]
[White "Greither, Flora"]
[Black "Lukas, Olivia"]
[Result "0-1"]
[WhiteElo "978"]
[BlackElo "1288"]
[PlyCount "110"]
[EventDate "2023.05.27"]
[EventType "swiss"]
[EventRounds "11"]
[EventCountry "GER"]
[SourceTitle "CBM 214 Extra"]
[Source "ChessBase"]
[SourceDate "2023.07.31"]
[SourceVersion "1"]
[SourceVersionDate "2023.07.31"]
[SourceQuality "1"]

1. e4 e5 2. Nf3 Nc6 3. Nc3 Nf6 4. Bc4 Nxe4 5. d3 Nxc3 6. bxc3 Bc5 7. d4 exd4 8. cxd4 Bb4+ 9. Bd2 Bxd2+ 10. Qxd2 d5 11. Bb5 0-0 12. 0-0 Bg4 13. Be2 Re8 14. Rae1 Re4 15. c3 Qe7 16. h3 Bh5 17. Ne5 Rxe2 18. Rxe2 Bxe2 19. Qxe2 f6 20. Qd2 fxe5 21. Re1 Rd8 22. dxe5 Na5 23. c4 Nxc4 24. Qc3 Re8 25. f4 Qc5+ 26. Kh2 Qf2 27. Rb1 Qxf4+ 28. Kh1 b6 29. Re1 Rxe5 30. Rg1 c5 31. Qd3 Qe3 32. Qd1 d4 33. Qg4 Na5 34. Qc8+ Re8 35. Qa6 Ra8 36. Rd1 c4 37. Qb5 Rd8 38. Qa6 Qe7 39. Qb5 d3 40. Qb2 Qe2 41. Qxe2 dxe2 42. Rxd8+ Kf7 43. Rd7+ Ke6 44. Rd8 Ke7 45. Ra8 e1Q+ 46. Kh2 c3 47. Rxa7+ Kd6 48. Ra8 c2 49. Rd8+ Kc7 50. Rf8 Qe5+ 51. Kg1 Qc5+ 52. Kh2 Qxf8 53. Kg1 c1R+ 54. Kh2 Qf4+ 55. g3 Qf2# 0-1

[Event "GER-ch U10 Girls"]
[Site "Willingen"]
[Date "2023.05.28"]
[Round "2"]
[White "Schirmbeck, Lilian"]
[Black "Lukas, Olivia"]
[Result "1-0"]
[WhiteElo "1661"]
[BlackElo "1288"]
[PlyCount "51"]
[EventDate "2023.05.27"]
[EventType "swiss"]
[EventRounds "11"]
[EventCountry "GER"]
[SourceTitle "CBM 214 Extra"]
[Source "ChessBase"]
[SourceDate "2023.07.31"]
[SourceVersion "1"]
[SourceVersionDate "2023.07.31"]
[SourceQuality "1"]

1. d4 f5 2. Bg5 Nf6 3. Bxf6 gxf6 4. e4 h5 5. Be2 Bg7 6. Bxh5+ Kf8 7. exf5 d5 8. Qg4 Rh6 9. Ne2 Qd6 10. 0-0 Qc6 11. Nbc3 e6 12. Nf4 exf5 13. Qf3 Bd7 14. Ng6+ Rxg6 15. Bxg6 Qe6 16. Rfe1 Qd6 17. Qxd5 Qxd5 18. Nxd5 Na6 19. Re7 Bc6 20. Rf7+ Ke8 21. Rxg7+ Kf8 22. Rf7+ Ke8 23. Nxf6+ Kd8 24. Re1 Nb8 25. Rf8+ Be8 26. Rexe8# 1-0

[Event "GER-ch U08"]
[Site "Willingen"]
[Date "2022.06.08"]
[Round "2"]
[White "Lukas, Olivia"]
[Black "Shynkar, Darya"]
[Result "0-1"]
[WhiteElo "882"]
[BlackElo "1001"]
[PlyCount "98"]
[EventDate "2022.06.07"]
[EventType "swiss"]
[EventRounds "7"]
[EventCountry "GER"]
[SourceTitle "EXT 2023"]
[Source "ChessBase"]
[SourceDate "2022.10.05"]
[SourceVersion "1"]
[SourceVersionDate "2022.10.05"]
[SourceQuality "1"]

1. e4 c5 2. d4 cxd4 3. c3 dxc3 4. Nxc3 Nc6 5. Bc4 e6 6. Nf3 Bb4 7. 0-0 d6 8. Qe2 Nf6 9. Rd1 Bxc3 10. bxc3 Qc7 11. Qd3 0-0 12. Qxd6 Qxd6 13. Rxd6 Nxe4 14. Rd3 h6 15. Ba3 Re8 16. Re3 Nf6 17. Bd3 a6 18. Re2 Bd7 19. Ne5 Nxe5 20. Rxe5 Bc6 21. Rd1 Rac8 22. Bc2 Bd5 23. Ba4 b5 24. Bc2 Rxc3 25. Bb3 Bxb3 26. axb3 Rxb3 27. Bc1 Rc8 28. h3 a5 29. Bd2 Rd8 30. Re2 a4 31. Ra1 Rb2 32. Ba5 Rxe2 33. Bxd8 Nd7 34. Rb1 a3 35. Kf1 a2 36. Ra1 Rb2 37. Ke1 Rb1+ 38. Rxb1 axb1Q+ 39. Kd2 Qb2+ 40. Ke3 Qc3+ 41. Ke2 b4 42. Ba5 Qc2+ 43. Ke1 b3 44. Kf1 b2 45. Kg1 b1R+ 46. Kh2 Qc5 47. Bd2 Qd6+ 48. Bf4 Qxf4+ 49. g3 Qxf2# 0-1